| 000 | 01118nam0a2200289 4500 | ||
|---|---|---|---|
| 001 | RU\NLR\bibl\1318326 | ||
| 005 | 20250615160109.0 | ||
| 010 |
_a978-5-392-00508-6 _91000 |
||
| 021 |
_aRU _b2008-92738 _95434 |
||
| 035 | _a(NLR Aleph) 001303693 | ||
| 090 |
_a635427 _c635427 |
||
| 100 | _a20090121d2009 |||y0rusy50 ca | ||
| 101 | 0 | _arus | |
| 102 | _aRU | ||
| 105 | _ay ||||||||| | ||
| 200 | 1 |
_aОправдательный приговор и право на реабилитацию _eмонография _fИ.Л. Петрухин _gИн-т гос-ва и права Рос. акад. наук |
|
| 210 |
_aМосква _cПроспект _d2009 |
||
| 215 |
_a191, [1] с. _d22 |
||
| 320 | _aБиблиогр. в подстроч. прим. | ||
| 606 | 1 |
_aОправдание в уголовном процессе _yРоссийская Федерация _92531394 _3RU\NLR\auth\661499376 |
|
| 686 | _aХ629.375 | ||
| 700 | 1 |
_aПетрухин _bИ. Л. _gИгорь Леонидович _4070 |
|
| 801 | 0 |
_aRU _bNLR _c20090121 _gRCR |
|
| 801 | 1 |
_aRU _bNLR _c20090121 |
|
| 942 | _cBOOK | ||
| 980 | _aNB | ||